Miasta świata A-Z #2 - Statystyki

Ogólne statystyki
  • Ten quiz został rozwiązany 3 121 razy
    3 116 od ostatniego zresetowania
  • Średni wynik to 13 z 26
Statystyki odpowiedzi
Podpowiedź: Miasto % Poprawnych
B Jest stolicą Katalonii. Barcelona
93%
D Mieści się tutaj najwyższy budynek świata. Dubaj
88%
F Jest centrum finansowym Niemiec. Frankfurt
88%
O Znajduje się tu najstarszy uniwersytet w Anglii. Oksford
86%
N Mówi się, że pizza została wymyślona w tym mieście. Neapol
84%
W Miało getto żydowskie do 1943 roku. Warszawa
82%
M Jest drugim największym miastem Francji. Marsylia
80%
R Zwane "Wiecznym Miastem". Rzym
74%
S Wcześniej nazywało się Leningrad. Sankt Petersburg
70%
Y Od jego nazwy wzięła się nazwa największego miasta w Stanach Zjednoczonych. York
70%
I Jest jedynym miastem Austrii, które gościło igrzyska olimpijskie. Innsbruck
63%
L Dla klubu piłkarskiego pochodzącego z tego miasta grali Karim Benzema i Hugo Lloris. Lyon
62%
V Leży w Kanadzie, miasto o takiej samej nazwie leży około 400 kilometrów na południe od niego, w stanie Waszyngton. Vancouver
57%
Q Miasto otoczone murami, które znajduje się w dole rzeki z Montrealu. Quebec City
51%
U Leży w centralnych Niderlandach, jest znane jako ośrodek naukowy i turystyczny. Utrecht
44%
G Ma drugi największy obszar miejski Meksyku. Guadalajara
39%
K Zwana kiedyś Kalkutą. Kolkata
33%
P W 1968 roku odbyła się tu antysowiecka rebelia. Praga
33%
E Jest stolicą Alberty. Edmonton
31%
Z Leży na wyspie, niedaleko Daru es Salaam. Zanzibar
30%
H Koulun jest jego częscią. Hong Kong
23%
T Znajduje się tu port lotniczy Ben Guriona. Tel Awiw
22%
J Do 2006 roku było stolicą Mjanmy. Jangon
13%
X Leży po drugiej stronie cieśniny od Tajwanu. Xiamen
12%
A Leży po środku Outback'u. Alice Springs
11%
C Była tutaj Rick's Cafe. Casablanca
9%
Nie znaleziono quizów pasujących do podanych kryteriów
Rozkład punktacji
Procent ludzi z każdym wynikiem
Percentyl według liczby udzielonych odpowiedzi
Twoja historia wyników
Nie rozwiązałeś tego quizu od ostatniego zresetowania